000 00685nam a2200277Ia 4500
005 20260324115653.0
008 008 260324s9999 xx 000 0 eng d
020 _a9781315373775
037 _aEBOOK
040 _aCRL
040 _beng
040 _cCRL
041 _2eng
041 _aeng
084 _qCRL
100 _aJacqueline L. Robertson; Moneen Marie Jones; Efren Olguin; Brad Alberts
_91155566
245 0 _aBioassays with Arthropods
260 _bTaylor and Francis
260 _c2017
365 _a
365 _b385
856 _uhttp://www.taylorfrancis.com/books/9781315373775
942 _cEBOOK
999 _c1746605
_d1746605